Ice and iron (Record no. 26598)

MARC details
000 -LEADER
fixed length control field 00249nam a2200109Ia 4500
082 ## - DEWEY DECIMAL CLASSIFICATION NUMBER
Classification number 82-3
Item number TUC
100 ## - MAIN ENTRY--AUTHOR NAME
Personal name Tucker, Wilson
245 #0 - TITLE STATEMENT
Title Ice and iron
260 ## - PUBLICATION, DISTRIBUTION, ETC. (IMPRINT)
Place of publication London
Name of publisher Arrow
Year of publication 1977
942 ## - ADDED ENTRY ELEMENTS (KOHA)
Koha item type Books
Holdings
Withdrawn status Lost status Damaged status Not for loan Home library Current library Date acquired Full call number Accession Number Koha item type
        RRII Library RRII Library 16/12/2021 82-3 TUC 07231 Books